Загрузка...

കോട

Библиографические подробности
Главный автор: നാഥൻ, പി.ആർ
Другие авторы: Nathan, P.R
Формат: Printed Book
Опубликовано: Kozhikkode Poorna 1996
Предметы:
LEADER 00492cam a2200157ua 4500
082 |a M894.812 371  |b NAT/K 
100 0 |a നാഥൻ, പി.ആർ  
245 1 0 |a കോട 
260 |a Kozhikkode  |b Poorna  |c 1996 
300 |a 138p. 
650 0 |a Koda  
650 0 |a Malayalam literature- Novel 
700 |a Nathan, P.R 
942 |c BK 
999 |c 2176  |d 2176 
952 |0 0  |1 0  |4 0  |6 M_894_812000000000000_371_NATK  |7 0  |9 2266  |a KUCL  |b KUCL  |d 2014-05-23  |l 0  |o M894.812 371 NAT/K  |p 05301  |r 2014-05-23  |y BK  |z keep for binding